书目信息 |
| 题名: |
中国文字学史 上册
|
|
| 作者: | 胡朴安 著 | |
| 分册: | ||
| 出版信息: | 北京 商务印书馆 1937.02 |
|
| 页数: | 257页 | |
| 开本: | 32开 | |
| 丛书名: | ||
| 单 册: | ||
| 中图分类: | H12 | |
| 科图分类: | ||
| 主题词: | 汉字--文字学 | |
| 电子资源: | ||
| ISBN: | 7-100-01555-3 | |
| 000 | 00543nam0 2200193 45 | |
| 001 | 0009152020 | |
| 005 | 20000915201138.5 | |
| 010 | @a7-100-01555-3@d14.50元 | |
| 100 | @a20000915d1937 km y0chiy0120 ea | |
| 101 | 0 | @achi |
| 105 | @a z 000yy | |
| 200 | 1 | @a中国文字学史 上册@AZhong Guo Wen Zi Xue Shi Shang Ce@f胡朴安著@FHu Pu An Zhu |
| 210 | @a北京@c商务印书馆@d1937.02 | |
| 215 | @a257页@d32开 | |
| 606 | 0 | @a汉字@x文字学 |
| 690 | @aH12@v3 | |
| 701 | 0 | @a胡朴安@4著 |
| 801 | @aCN@bPftUser@c20000915 | |
| 905 | @b144670-672@dH12@eH001:1@f3 | |
| 中国文字学史 上册/胡朴安著.-北京:商务印书馆,1937.02 |
| 257页;32开 |
| ISBN 7-100-01555-3:14.50元 |
| ● |
| 相关链接 |
|
|
|
正题名:中国文字学史上册
索取号:H12/H001:1
 
预约/预借
| 序号 | 登录号 | 条形码 | 馆藏地/架位号 | 状态 | 备注 |
| 1 | 144670 | 201446701 | 语言库209/209语言库 70排4列4层/ [索取号:H12/H001:1] | 在馆 | |
| 2 | 144671 | 201446710 | 语言库209/209语言库 70排4列4层/ [索取号:H12/H001:1] | 在馆 | |
| 3 | 144672 | 201446729 | 语言库209/209语言库 70排4列4层/ [索取号:H12/H001:1] | 在馆 |